Media Analysis Techniques / (Record no. 74057)
[ view plain ]
| 000 -LEADER | |
|---|---|
| fixed length control field | 01403nam a22002897a 4500 |
| 005 - DATE AND TIME OF LATEST TRANSACTION | |
| control field | 20140605103541.0 |
| 010 ## - LCCN (DPL NO) | |
| LC control number | ENG-106766 |
| 020 ## - INTERNATIONAL STANDARD BOOK NUMBER | |
| International Standard Book Number | 9788132110132 |
| Terms of availability | 350.00 |
| 035 ## - SYSTEM CONTROL NUMBER | |
| System control number | EN-90299 |
| 035 ## - SYSTEM CONTROL NUMBER | |
| System control number | B-505555-556 |
| 037 ## - SOURCE OF ACQUISITION | |
| Source of stock number/acquisition | DBAD/PUB |
| 037 ## - SOURCE OF ACQUISITION | |
| Source of stock number/acquisition | BSB/Ven |
| Stock number | dpl |
| 082 ## - DEWEY DECIMAL CLASSIFICATION NUMBER | |
| Classification number | 302.2301 |
| 100 ## - MAIN ENTRY--PERSONAL NAME | |
| Personal name | Berger, Arthur Asa, |
| Dates associated with a name | 1933- |
| 245 ## - TITLE STATEMENT | |
| Title | Media Analysis Techniques / |
| Statement of responsibility, etc | by Arthur Asa Berger |
| 250 ## - EDITION STATEMENT | |
| Edition statement | 4th ed |
| 260 ## - PUBLICATION, DISTRIBUTION, ETC. (IMPRINT) | |
| Place of publication, distribution, etc | New Delhi |
| Name of publisher, distributor, etc | SAGE Publications |
| Date of publication, distribution, etc | 2012 |
| 270 ## - ADDRESS | |
| Address | B1/I-1 Mohan Cooperative industrial Area, Mathura Road |
| City | New delhi |
| Postal code | 110044 |
| 300 ## - PHYSICAL DESCRIPTION | |
| Extent | xv,260 p. : |
| Other physical details | ill. |
| Dimensions | 24cm(pbk) |
| 500 ## - GENERAL NOTE | |
| General note | Includes bibliographical references (p. 247-251) and indexes. |
| 505 ## - FORMATTED CONTENTS NOTE | |
| Formatted contents note | Techniques of interpretation -- Semiotic analysis -- Marxist analysis -- Psychoanalytic criticism -- Sociological analysis -- Applications -- Murderers on the orient express -- Seven points on the game of football -- The maiden with the snake : interpretations of a print advertisement -- All-news radio and the american bourgeoisie -- Video games : a new art form -- Cell phones, social media, and the problem of identity. |
| 650 ## - SUBJECT ADDED ENTRY--TOPICAL TERM | |
| Topical term or geographic name as entry element | Mass media |
| General subdivision | Methodology. |
| 650 ## - SUBJECT ADDED ENTRY--TOPICAL TERM | |
| Topical term or geographic name as entry element | Mass media criticism. |
| 830 #0 - SERIES ADDED ENTRY--UNIFORM TITLE | |
| Uniform title | Ivey casebook series. |
| 942 ## - ADDED ENTRY ELEMENTS (KOHA) | |
| Source of classification or shelving scheme | Dewey Decimal Classification |
| Item type | English Books |
| Classification part | 302.2301 |
| Call number suffix | BER |
| Withdrawn status | Lost status | Not for loan | Collection code | Home library | Current library | Date acquired | Source of acquisition | Cost, normal purchase price | Full call number | Barcode | Copy number | Cost, replacement price | Koha item type |
|---|---|---|---|---|---|---|---|---|---|---|---|---|---|
| Non-fiction | Central Library | Central Library | 05/06/2014 | BSB/881/09.03.2013/169/08.03.2013/20.03.2013 | 350.00 | 302.2301 BER | B-505555 | 1 | 350.00 | English Books | |||
| Not For Loan | Non-fiction | D.B.Act.Division | D.B.Act.Division | 02/04/2013 | DBAD/PUB | 350.00 | 302.2301 BER | EN-90299 | 1 | 350.00 | English Books | ||
| Non-fiction | Sarojini Nagar | Sarojini Nagar | 05/06/2014 | BSB/881/09.03.2013/169/08.03.2013/20.03.2013 | 350.00 | 302.2301 BER | B-505556 | 1 | 350.00 | English Books |
